Statistiques concernant Top 10 des français les plus meurtriers

Cliquez ici pour prendre le quiz!

Statistiques générales

  • Ce quiz a été pris 30 fois
  • Le résultat moyen est 2 sur 10

Statistiques - réponses

Victimes confirméesRéponse% Correct
11Michel Fourniret
85%
11Francis Heaulme
41%
400Gilles de Rais
19%
27Marcel Petiot
19%
18Thierry Paulin
4%
12Antoinette Scierri
0%
1000Catherine Deshayes
0%
18Charles Sobhraj
0%
11Madeleine Mouton
0%
23Yvan Keller
0%

Distribution des résultats

Percentile par nombre de réponses

% des personnes avec chaque résultat

Votre développement - résultats

Vous n’avez pas pris ce quiz